| 000 | 01127aam a2200325 i 4500 | ||
|---|---|---|---|
| 999 |
_c69110 _d69110 |
||
| 001 | 69110 | ||
| 003 | Mx-PuUPA | ||
| 005 | 20220302080949.0 | ||
| 008 | 200910s2009 nyu||||gr|||| 001 0 eng d | ||
| 020 | _a9781563273773 | ||
| 040 |
_aMx-PuUPA _bspa _cMx-PuUPA _dMx-PuUPA _erda |
||
| 041 | 0 | _aeng | |
| 100 | 1 |
_910895 _aMcDermott, Robin E., _eautor |
|
| 245 | 1 | 4 |
_aThe basics of FMEA / _cRobin E. McDermott, Raymond J. Mikulak, Michael R. Beauregard |
| 250 | _a2nd edition | ||
| 264 | 1 |
_aNew York, NY : _bTaylor & FRancis Group, _c©2009 |
|
| 300 |
_aix, 91 páginas : _btablas ; _c23 cm |
||
| 336 |
_2rdacontent _atexto _btxt |
||
| 337 |
_2rdamedia _asin medio _bn |
||
| 338 |
_2rdacarrier _avolumen _bnc |
||
| 650 | 4 | _aFallas de sistema (Ingeniería) | |
| 650 | 4 | _aConfiabilidad (Ingeniería) | |
| 650 | 4 |
_aControl de calidad _xNormas |
|
| 700 | 1 |
_aMikulak, Raymond J., _eautor |
|
| 700 | 1 |
_aBeauregard, Michael R., _eautor |
|
| 942 |
_2ddc _cLI _h658.562 _iM4788 |
||